[Event "HUN-chT U18"]
[Site "Miskolc"]
[Date "2009.10.28"]
[Round "4.17"]
[White "Makk, Norbert"]
[Black "Rehova, Peter"]
[Result "1-0"]
[WhiteElo "1890"]
[BlackElo "1492"]
[PlyCount "43"]
[EventDate "2009.10.26"]
[EventType "team-swiss"]
[EventRounds "8"]
[EventCountry "HUN"]
[SourceTitle "EXT 2016"]
[Source "ChessBase"]
[SourceDate "2015.10.08"]
[SourceVersion "1"]
[SourceVersionDate "2015.10.08"]
[SourceQuality "1"]

1. e4 e5 2. Nf3 Nf6 3. Nxe5 d6 4. Nf3 Nxe4 5. Nc3 Nf6 6. d4 d5 7. Bg5 Be7 8. Ne5 0-0 9. Qf3 c6 10. Bd3 Qb6 11. 0-0-0 Be6 12. Bf5 Qc7 13. h4 Bxf5 14. Qxf5 h6 15. Bf4 Bd6 16. Bxh6 Nh7 17. Bf4 Qa5 18. Rh3 Na6 19. Rg3 Nc7 20. Rdd3 Ne6 21. Bh6 Nf6 22. Bxg7 1-0

[Event "HUN-chT U18"]
[Site "Miskolc"]
[Date "2009.10.27"]
[Round "3.20"]
[White "Rehova, Peter"]
[Black "Mikulas, Robert"]
[Result "1-0"]
[WhiteElo "1492"]
[BlackElo "1641"]
[PlyCount "51"]
[EventDate "2009.10.26"]
[EventType "team-swiss"]
[EventRounds "8"]
[EventCountry "HUN"]
[SourceTitle "EXT 2016"]
[Source "ChessBase"]
[SourceDate "2015.10.08"]
[SourceVersion "1"]
[SourceVersionDate "2015.10.08"]
[SourceQuality "1"]

1. e4 e5 2. Nf3 Nc6 3. Bb5 a6 4. Ba4 Nf6 5. 0-0 Be7 6. Re1 b5 7. Bb3 0-0 8. d3 d6 9. h3 Na5 10. c3 c5 11. Bc2 Nc6 12. Nbd2 Re8 13. Nf1 Bf8 14. Ng3 g6 15. Nh2 Bg7 16. f4 Nd7 17. f5 b4 18. cxb4 cxb4 19. Ba4 Bb7 20. Rf1 Rc8 21. Be3 Qa5 22. Bb3 Rf8 23. fxg6 hxg6 24. Qg4 Nf6 25. Rxf6 Bxf6 26. Qxg6+ 1-0

[Event "HUN-chT U18"]
[Site "Miskolc"]
[Date "2009.10.26"]
[Round "1.11"]
[White "Rehova, Peter"]
[Black "Tanacs, Anna"]
[Result "0-1"]
[WhiteElo "1492"]
[BlackElo "2106"]
[PlyCount "58"]
[EventDate "2009.10.26"]
[EventType "team-swiss"]
[EventRounds "8"]
[EventCountry "HUN"]
[SourceTitle "EXT 2016"]
[Source "ChessBase"]
[SourceDate "2015.10.08"]
[SourceVersion "1"]
[SourceVersionDate "2015.10.08"]
[SourceQuality "1"]

1. e4 c6 2. d4 d5 3. e5 Bf5 4. Bd3 Bxd3 5. Qxd3 e6 6. c3 Nd7 7. f4 Nh6 8. Ne2 Nf5 9. 0-0 h5 10. Ng3 g6 11. Nd2 h4 12. Nxf5 gxf5 13. Rf3 Be7 14. Rh3 Nf8 15. Nf3 Ng6 16. Be3 Qd7 17. a4 a5 18. Qd2 f6 19. Bf2 fxe5 20. fxe5 Kf7 21. Ng5+ Bxg5 22. Qxg5 Qe7 23. Be3 Rag8 24. Qxe7+ Nxe7 25. Rf1 Rg4 26. g3 Ng6 27. Bf4 Rg8 28. Kh1 Rh8 29. Rf2 hxg3 0-1

[Event "HUN-chT U18"]
[Site "Miskolc"]
[Date "2008.10.29"]
[Round "5.24"]
[White "Rehova, Peter"]
[Black "Molnar, Milan"]
[Result "0-1"]
[WhiteElo "1455"]
[BlackElo "1747"]
[PlyCount "70"]
[EventDate "2008.10.27"]
[EventType "team-swiss"]
[EventRounds "8"]
[EventCountry "HUN"]
[SourceTitle "EXT 2016"]
[Source "ChessBase"]
[SourceDate "2015.10.08"]
[SourceVersion "1"]
[SourceVersionDate "2015.10.08"]
[SourceQuality "1"]

1. e4 e5 2. Nf3 Nc6 3. Bb5 Bc5 4. 0-0 d6 5. h3 Bd7 6. d3 Nf6 7. Nc3 a6 8. Bc4 h6 9. Ne2 Nh5 10. Nh2 Qf6 11. Be3 Nd4 12. Bxd4 exd4 13. f4 g6 14. Qd2 a5 15. Rae1 b5 16. e5 Qg7 17. exd6 bxc4 18. Ng3+ Be6 19. Nxh5 gxh5 20. f5 0-0 21. fxe6 c3 22. Qc1 cxb2 23. Qxb2 Bxd6 24. exf7+ Rxf7 25. Rxf7 Qxf7 26. Qb3 Qxb3 27. axb3 a4 28. bxa4 Rxa4 29. Re6 Ra1+ 30. Nf1 Rc1 31. Re2 Bg3 32. Re4 c5 33. Re2 h4 34. Rd2 Bf4 35. Re2 Be3+ 0-1

[Event "HUN-chT U18"]
[Site "Miskolc"]
[Date "2008.10.27"]
[Round "1.23"]
[White "Rehova, Peter"]
[Black "Virag, Csilla"]
[Result "0-1"]
[WhiteElo "1455"]
[BlackElo "1947"]
[PlyCount "122"]
[EventDate "2008.10.27"]
[EventType "team-swiss"]
[EventRounds "8"]
[EventCountry "HUN"]
[SourceTitle "EXT 2016"]
[Source "ChessBase"]
[SourceDate "2015.10.08"]
[SourceVersion "1"]
[SourceVersionDate "2015.10.08"]
[SourceQuality "1"]

1. e4 e5 2. Nf3 Nc6 3. Bb5 a6 4. Ba4 Nf6 5. 0-0 Be7 6. Re1 b5 7. Bb3 0-0 8. c3 d5 9. d3 Qd6 10. Bg5 d4 11. c4 Bg4 12. Nbd2 Nh5 13. Bxe7 Qxe7 14. h3 Bxf3 15. Qxf3 Nf4 16. Nf1 Rab8 17. Rab1 Na5 18. Rec1 Nxb3 19. axb3 bxc4 20. bxc4 Rb3 21. Rd1 Rfb8 22. Rd2 a5 23. Ra1 Qc5 24. Ng3 R3b6 25. Nh5 Nxh5 26. Qxh5 Qb4 27. Rad1 Re8 28. Qg4 Qa4 29. f4 Rg6 30. Qf3 exf4 31. Qxf4 Qd7 32. Rf2 Rf6 33. Qh4 Rxf2 34. Qxf2 c5 35. Ra1 Qc7 36. Qd2 Ra8 37. Qg5 Qb6 38. Qd5 Rd8 39. Qg5 Rb8 40. Rb1 a4 41. Qc1 Qb3 42. Qd1 Qxd1+ 43. Rxd1 Rxb2 44. Ra1 Rb4 45. Kh2 Kf8 46. Ra3 Ke7 47. Kg3 Ke6 48. Kf4 f6 49. h4 g6 50. g4 h6 51. Ra2 g5+ 52. hxg5 hxg5+ 53. Kf3 Ke5 54. Ra3 Rb3 55. Rxa4 Rxd3+ 56. Ke2 Rc3 57. Ra8 Kxe4 58. Rf8 Ke5 59. Re8+ Kf4 60. Re6 Re3+ 61. Rxe3 dxe3 0-1